| 000 | nam a22 7a 4500 | ||
|---|---|---|---|
| 999 |
_c2683 _d2683 |
||
| 005 | 20170517151614.0 | ||
| 008 | 170517b1990 mau||||| |||| 00| 0 eng d | ||
| 020 |
_a0201518120 : _c$7.95 |
||
| 040 | _aAKMAL | ||
| 082 | _a650.13 DEE | ||
| 090 |
_a650.13 _bDEE |
||
| 100 | 1 |
_aDeep, Samuel D _95638 |
|
| 245 | 1 | 0 |
_aSmart moves : _b14 steps to keep any boss happy, 8 ways to start meetings on time, and 1,600 more tips to get the best from yourself and the people around you / _cSam Deep and Lyle Sussman |
| 260 |
_aReading, Mass. : _bAddison-Wesley Pub. Co., _cc1990 |
||
| 300 |
_axv, 247 p. : _b ill. ; _c21 cm |
||
| 500 | _aIncludes index. | ||
| 650 | 0 |
_aCommunication in personnel management. _95639 |
|
| 650 | 0 |
_aOral communication. _9684 |
|
| 650 | 0 |
_aInterpersonal relations. _9487 |
|
| 700 | 1 |
_aSussman, Lyle, _d1944- _95640 |
|
| 942 |
_2ddc _cBOOK |
||